000 01451nam a22002057a 4500
999 _c60042
_d60042
003 Ge_BSU
005 20230531164559.0
008 230531s1985 ge ||||| |||| 00| 0 geo d
041 _ageo
080 _a902.2(479.221.1) მ-97
245 _aმცხეთა :
_bარქეოლოგიური კვლევა-ძიების შედეგები. ტ. 7, დიდი მცხეთის ადრერკინის, ანტიკური და ადრეფეოდალური ხანის არქეოლოგიური ძეგლები /
_cსაქ. სსრ მეცნ. აკად., ივ. ჯავახიშვილის სახ. ისტორიის ინ-ტი.
264 _aთბილისი :
_bმეცნიერება,
_c1985.
300 _a181 გვ. :
_b36 ფ. ილ.;
_c22 სმ.
501 _aსაძიებლები: გვ. 65-168.
504 _aბიბლიოგრაფია: გვ. 163-164
520 _a მასალების ბოლოს რეზ. რუს.
653 _aმცხეთის არქეოლოგიური გათხრები.
710 _aსაქართველოს სსრ მეცნიერებათა აკადემია
_bივ. ჯავახიშვილის სახ. ისტორიის ინსტიტუტი
_918018
942 _2udc
_cBK